धर्मस्थलः (Record no. 56162)

MARC details
000 -LEADER
fixed length control field 01236nam a22002777a 4500
005 - DATE AND TIME OF LATEST TRANSACTION
control field 20090121151350.0
008 - FIXED-LENGTH DATA ELEMENTS--GENERAL INFORMATION
fixed length control field 090121t xxu||||| |||| 00| 0 hin d
010 ## - LCCN (DPL NO)
LC control number HIN-93843
020 ## - INTERNATIONAL STANDARD BOOK NUMBER
Terms of availability 225.00
International Standard Book Number 9789380044644
035 ## - SYSTEM CONTROL NUMBER
System control number HN-66189
037 ## - SOURCE OF ACQUISITION
Source of stock number/acquisition DBAD /PUB
040 ## - CATALOGING SOURCE
Original cataloging agency DPL
Language of cataloging HN
082 ## - DEWEY DECIMAL CLASSIFICATION NUMBER
Classification number
100 ## - MAIN ENTRY--PERSONAL NAME
9 (RLIN) 33818
Personal name प्रियवंद
245 ## - TITLE STATEMENT
Title धर्मस्थलः
Statement of responsibility, etc प्रियवंद
Remainder of title उपन्यास /
246 ## - VARYING FORM OF TITLE
Title proper/short title Dharmasthal
Remainder of title by Priyamvad
260 ## - PUBLICATION, DISTRIBUTION, ETC. (IMPRINT)
Place of publication, distribution, etc ग़ाज़ियाबाद
Name of publisher, distributor, etc अंतिका प्रकाशन
Date of publication, distribution, etc 2011
270 ## - ADDRESS
Address सी-56/यूजीएफ-IV, शालीमार गार्डन, एक्सटेंशन-11
City ग़ाज़ियाबाद (उ.प्र.)
Postal code 201005
Telephone number 0120- 2648212
Electronic mail address antika56@gmail.com
300 ## - PHYSICAL DESCRIPTION
Extent 136पृ.
Dimensions 22सेमी (सजिल्द)
650 ## - SUBJECT ADDED ENTRY--TOPICAL TERM
9 (RLIN) 697
Topical term or geographic name as entry element हिन्दी कथा साहित्य
650 ## - SUBJECT ADDED ENTRY--TOPICAL TERM
9 (RLIN) 33922
Topical term or geographic name as entry element Hindi Novel
700 ## - ADDED ENTRY--PERSONAL NAME
9 (RLIN) 33853
700 ## - ADDED ENTRY--PERSONAL NAME
9 (RLIN) 34065
942 ## - ADDED ENTRY ELEMENTS (KOHA)
Source of classification or shelving scheme Dewey Decimal Classification
Item type Hindi Books
Call number suffix प्रियवं
Classification part
Holdings
Withdrawn status Lost status Source of classification or shelving scheme Damaged status Not for loan Collection code Home library Current library Date acquired Source of acquisition Cost, normal purchase price Total Checkouts Full call number Barcode Date last seen Copy number Cost, replacement price Koha item type
    Dewey Decimal Classification   Not For Loan Fiction D.B.Act.Division D.B.Act.Division 01/09/2011 DBAD / PUB 225.00   उ प्रियवं HN-66189 01/09/2011 1 225.00 Hindi Books

© Delhi Public Library
Hit Counter
free hit counter